Human resource management

This book pays attention to the application of HRM approaches in "real" organizational settings and situations. Realism, understanding, and critical thinking were important in the revision. Students and faculty alike have identified readability and relevance as key strengths of the text. I...

詳細記述

保存先:
書誌詳細
第一著者: Ivancevich, John M.
フォーマット: 図書
言語:Undetermined
出版事項: Chicago Irwin 1994
主題:
タグ: タグ追加
タグなし, このレコードへの初めてのタグを付けませんか!
Thư viện lưu trữ: Trung tâm Học liệu Trường Đại học Cần Thơ
LEADER 01014nam a2200205Ia 4500
001 CTU_221684
008 210402s9999 xx 000 0 und d
082 |a 658.3 
082 |b I.93 
100 |a Ivancevich, John M. 
245 0 |a Human resource management 
245 0 |c John M. Ivancevich 
260 |a Chicago 
260 |b Irwin 
260 |c 1994 
520 |a This book pays attention to the application of HRM approaches in "real" organizational settings and situations. Realism, understanding, and critical thinking were important in the revision. Students and faculty alike have identified readability and relevance as key strengths of the text. It provides a book that stimulates ideas and keeps all users up-to-date on HRM thinking and practice 
650 |a Personnel management,Quản trị nhân sự,Personnel management,Quản trị nhân sự 
650 |x Case studies,Tình huống nghiên cứu 
904 |i Nguyên 
980 |a Trung tâm Học liệu Trường Đại học Cần Thơ